000 003850000a22001570004500
003 MACL
005 20160315120021.0
008 160315b xxu||||| |||| 00| 0 eng d
040 _aMACL
_cMACL
041 _aHindi
082 _a920
245 _aसंक्षिप्‍त आत्‍माकथा
350 _a.1
650 _aAutobiography
_945982
942 _cHIN
_k920
_2ddc
999 _c23025
_d23025